Vezetékfelújítás Tarjánban Átmeneti korlátozások

Elmentve itt :
Bibliográfiai részletek
Dokumentumtípus: Cikk
Megjelent: 1983-05-05
Sorozat:Délmagyarország 73 No. 105
Kulcsszavak:távfűtés
Online Access:http://dmarchiv.bibl.u-szeged.hu/103880
LEADER 00428nab a2200145 i 4500
001 delm103880
005 20190627140909.0
008 190627s1983 hu o 0|| hun d
040 |a SZTE Délmagyarország Archívum  |b hun 
041 |a hun 
245 0 0 |a Vezetékfelújítás Tarjánban   |h [elektronikus dokumentum] :  |b Átmeneti korlátozások 
260 |c 1983-05-05 
300 |a 1 
490 0 |a Délmagyarország  |v 73 No. 105 
695 |a távfűtés